NCAAM Basketball Logo Quiz: American - Statistics

General Stats
  • This quiz has been taken 352 times
    140 since last reset
  • The average score is 11 of 13
Answer Stats
Picture Answer % Correct
Temple
95%
Memphis
94%
Rice
94%
Tulane
91%
Florida Atlantic
90%
East Carolina
89%
UAB
88%
North Texas
87%
South Florida
85%
Charlotte
84%
Wichita State
83%
UTSA
78%
Tulsa
76%
No matching quizzes found
Score Distribution
Percent of People with Each Score
Percentile by Number Answered
Your Score History
You have not taken this quiz since the last reset